[Event "AUTO-ADV-977"]
[Site "http://www.queenalice.com/game.php?id=552213"]
[Date "2009.3.7"]
[Round "2"]
[White "Elcid"]
[Black "omermn"]
[Result "0-1"]
[WhiteElo "1937"]
[BlackElo "2004"]

1. d4 d5 2. c4 e6 3. Nf3 Nf6 4. Nc3 Bb4 5. Bg5 dxc4 6. e3 O-O 7. Bxc4 h6 8. Bh4
Be7 9. O-O a6 10. Re1 Nc6 11. a3 b6 12. b4 b5 13. Bb3 Bd7 14. Qd3 a5 15. Nxb5
axb4 16. Bg3 bxa3 17. Bxc7 Qc8 18. Rec1 Nb4 19. Qc4 Ne4 20. Nxa3 Nd5 21. Nc2
Nxc7 22. Qd3 f5 23. Ne5 Kh7 24. f3 Bb5 25. Rxa8 Qxa8 26. Bc4 Nd6 27. Bxb5 Ndxb5
28. Nd7 Rd8 29. Nb6 Qc6 30. Nc4 Bf6 31. Nb4 Qe8 32. Qc2 Nd5 33. Nxd5 Rxd5 34.
Nb2 g6 35. Nd3 h5 36. Qc4 Kh6 37. Kf1 g5 38. Nb4 Nd6 39. Qc6 Qxc6 40. Rxc6 Rb5
41. Rxd6 Rxb4 42. Rxe6 Kg7 43. g4 fxg4 44. fxg4 h4 45. h3 Rb2 46. Kg1 Re2 47. d5
Kf7 48. Re4 Rd2 49. Ra4 Rxd5 50. Ra7+ Ke6 51. Ra6+ Ke5 52. Ra2 Ke4 53. Kf2 Rd1
54. Ra4+ Kd3 55. Ra3+ Bc3 56. Rb3 Rd2+ 57. Kf3 Rh2 58. e4 Rxh3+ 59. Kf2 Kxe4 60.
Kg2 Rg3+ 61. Kf2 Bd4+ 0-1

[Event "AUTO-ADV-1235"]
[Site "http://www.queenalice.com/game.php?id=676797"]
[Date "2009.11.2"]
[Round "2"]
[White "black13"]
[Black "omermn"]
[Result "0-1"]
[WhiteElo "1979"]
[BlackElo "1988"]

1. e4 e5 2. Nf3 Nc6 3. d4 exd4 4. Nxd4 Bc5 5. c3 Nf6 6. Nxc6 bxc6 7. Qf3 O-O 8.
Bg5 Be7 9. Bd3 Nxe4 10. Bxe7 Qxe7 11. O-O Nf6 12. Nd2 d5 13. Rfe1 Qd6 14. Re3
Ng4 15. Qh3 g6 16. Rg3 Nxf2 17. Qh6 Qc5 18. Qe3 Qxe3 19. Rxe3 Nxd3 20. Rxd3 Rb8
21. b4 c5 22. bxc5 Be6 23. Nf3 Rb5 24. c6 Rfb8 25. Re1 Rb1 26. Rdd1 R1b2 27. a4
Ra2 28. Ra1 Rbb2 29. Rxa2 Rxa2 30. Nd4 Rxa4 31. Nxe6 fxe6 32. Rxe6 Re4 33. Rxe4
dxe4 34. Kf2 a5 35. Ke3 a4 36. Kxe4 a3 37. Kd3 a2 0-1

[Event "AUTO-ADV-1235"]
[Site "http://www.queenalice.com/game.php?id=676798"]
[Date "2009.11.2"]
[Round "2"]
[White "omermn"]
[Black "black13"]
[Result "1-0"]
[WhiteElo "2024"]
[BlackElo "1980"]

1. e4 e5 2. Nf3 d6 3. Bc4 h6 4. h3 Nf6 5. Nc3 Nc6 6. d3 Na5 7. b3 Nxc4 8. bxc4
Be7 9. O-O O-O 10. Bb2 a6 11. Qc1 Bd7 12. a4 a5 13. Ba3 Qc8 14. Nd5 Nxd5 15.
cxd5 f5 16. exf5 Bxf5 17. Re1 Qd7 18. Re3 Bf6 19. c3 Qf7 20. Qe1 Qxd5 21. c4 Qc6
22. Kh2 Bg6 23. Ng1 Bg5 24. Rf3 Bh5 25. Rxf8+ Rxf8 26. f3 Bg6 27. Qd1 Rf4 28.
Ne2 Rf8 29. Qb3 Kh7 30. Qc3 Bf6 31. d4 Bf7 32. c5 exd4 33. Nxd4 Bxd4 34. Qxd4 d5
35. Bb2 Rg8 36. Re1 Qg6 37. Re7 Re8 38. Rxe8 Bxe8 39. Qxd5 c6 40. Qe5 Qf7 41.
Bc3 Kh8 42. Bxa5 Kg8 43. Qb8 Kh7 44. Bc7 Bd7 45. Qxb7 Be8 46. a5 h5 47. a6 1-0

[Event "AUTO-MASTER-1071"]
[Site "http://www.queenalice.com/game.php?id=747387"]
[Date "2010.3.17"]
[Round "1"]
[White "Henderb"]
[Black "omermn"]
[Result "1-0"]
[WhiteElo "2122"]
[BlackElo "2038"]

1. d4 d5 2. c4 e6 3. Nc3 Nf6 4. Nf3 Bb4 5. Bg5 dxc4 6. a4 Be7 7. e3 a6 8. Bxc4
O-O 9. O-O Nbd7 10. Qc2 c6 11. e4 Ng4 12. Bf4 h6 13. e5 Bg5 14. Bxg5 hxg5 15.
Ne4 Nb6 16. Nexg5 g6 17. Bxe6 Nxh2 18. Qxg6+ 1-0

[Event "AUTO-MASTER-1071"]
[Site "http://www.queenalice.com/game.php?id=747388"]
[Date "2010.3.17"]
[Round "1"]
[White "omermn"]
[Black "Henderb"]
[Result "0-1"]
[WhiteElo "2009"]
[BlackElo "2085"]

1. e4 e6 2. d4 d5 3. Nc3 Bb4 4. Bd3 c5 5. exd5 Qxd5 6. Bd2 Qxd4 7. Nge2 Qg4 8.
a3 Ba5 9. h3 Qh4 10. Bf4 Ne7 11. O-O O-O 12. Nb5 Nd5 13. Bg3 Qf6 14. c3 a6 15.
Nd6 Bc7 16. c4 Nb6 17. Ne4 Qe7 18. Bd6 Bxd6 19. Nxd6 Rd8 20. Nxc8 Nxc8 21. Qc2
h6 22. Nf4 Qd6 23. Bh7+ Kh8 24. Nh5 Qd2 25. Qb1 Qg5 26. g4 f5 27. Bxf5 exf5 28.
f4 Qg6 29. Ng3 Ne7 30. Re1 Nbc6 31. Nxf5 Nxf5 32. Qxf5 Qxf5 33. gxf5 Rf8 0-1

[Event "AUTO-MASTER-1071"]
[Site "http://www.queenalice.com/game.php?id=747399"]
[Date "2010.3.17"]
[Round "1"]
[White "omermn"]
[Black "heidy"]
[Result "0-1"]
[WhiteElo "2017"]
[BlackElo "2220"]

1. e4 c5 2. Nf3 e6 3. d4 cxd4 4. Nxd4 Nf6 5. Nc3 a6 6. a3 d6 7. Bd3 Be7 8. O-O
b5 9. Be3 O-O 10. h3 Bb7 11. b4 Nbd7 12. Qf3 Ne5 13. Qe2 Qc7 14. Bd2 Rac8 15.
Rac1 Nxd3 16. cxd3 Qd7 17. Qe3 h6 18. Qg3 Kh7 19. Nce2 Rxc1 20. Bxc1 Rc8 21. Nf3
Nh5 22. Qh2 Nf6 23. Qg3 Nh5 24. Qh2 Nf6 25. Qg3 e5 26. Qh2 Rc2 27. Re1 Bd8 28.
Be3 Ne8 29. Qg3 f5 0-1

[Event "AUTO-MASTER-1071"]
[Site "http://www.queenalice.com/game.php?id=747400"]
[Date "2010.3.17"]
[Round "1"]
[White "heidy"]
[Black "omermn"]
[Result "1-0"]
[WhiteElo "2214"]
[BlackElo "2025"]

1. e4 c5 2. Nf3 e6 3. d4 cxd4 4. Nxd4 Nf6 5. Nc3 Bb4 6. f3 h6 7. Be3 O-O 8. Bc4
a6 9. Qd2 d6 10. O-O Bd7 11. a3 Bxc3 12. Qxc3 Nc6 13. Rad1 Nxd4 14. Bxd4 Rc8 15.
Bxf6 Qxf6 16. Qxf6 gxf6 17. Rxd6 Rfd8 18. Rfd1 Rc7 19. Bb3 Kf8 20. Ba4 b5 21.
Bb3 Ke7 22. Rxa6 Bc8 23. Rxd8 Kxd8 24. Rd6+ Ke7 25. Rd2 Bd7 26. Kf2 Rc8 27. Ke3
e5 28. Bd5 f5 29. exf5 1-0

[Event "AUTO-ADV-2094"]
[Site "http://www.queenalice.com/game.php?id=910336"]
[Date "2011.3.8"]
[Round "1"]
[White "markmooney"]
[Black "omermn"]
[Result "0-1"]
[WhiteElo "1649"]
[BlackElo "1994"]

1. f4 d5 2. Nf3 Nf6 3. g3 g6 4. Bg2 Bg7 5. O-O O-O 6. d3 c5 7. c3 Nc6 8. Nbd2 b5
9. Nb3 c4 10. dxc4 bxc4 11. Nbd4 Qb6 12. b4 Ne4 13. Bb2 Bg4 14. h3 Bd7 15. Kh2
a5 16. a3 Nxd4 17. Nxd4 Bxd4 18. Qxd4 Qxd4 19. cxd4 c3 20. Bc1 axb4 21. Bxe4
dxe4 0-1

[Event "AUTO-ADV-2094"]
[Site "http://www.queenalice.com/game.php?id=910337"]
[Date "2011.3.8"]
[Round "1"]
[White "omermn"]
[Black "fjarnold"]
[Result "0-1"]
[WhiteElo "2015"]
[BlackElo "2142"]

1. e4 c5 2. Nf3 Nc6 3. d4 cxd4 4. Nxd4 g6 5. Be3 Bg7 6. Nc3 Nf6 7. Bc4 O-O 8.
Bb3 a5 9. f3 d5 10. Bxd5 Nxd5 11. exd5 Nb4 12. Nde2 Bf5 13. Rc1 Re8 14. a3 e6
15. axb4 axb4 16. Nb5 exd5 17. Kf2 Rxe3 18. Kxe3 Qe8+ 19. Kf2 Qxb5 20. c3 Qc5+
21. Ke1 bxc3 22. bxc3 Re8 23. Qd2 Re3 24. c4 Bd3 25. cxd5 Rxe2+ 26. Qxe2 Qxc1+
27. Qd1 Qe3+ 0-1

[Event "AUTO-ADV-2094"]
[Site "http://www.queenalice.com/game.php?id=910338"]
[Date "2011.3.8"]
[Round "1"]
[White "fjarnold"]
[Black "omermn"]
[Result "1-0"]
[WhiteElo "2165"]
[BlackElo "2004"]

1. d4 d5 2. c4 e6 3. Nc3 Nf6 4. Bg5 Be7 5. e3 O-O 6. Nf3 Nbd7 7. Rc1 c6 8. Bd3
dxc4 9. Bxc4 Nd5 10. Bxe7 Qxe7 11. O-O Nxc3 12. Rxc3 e5 13. dxe5 Nxe5 14. Nxe5
Qxe5 15. f4 Qe4 16. Rf2 b5 17. Bd3 Qe6 18. Qc2 Bd7 19. Bxh7+ Kh8 20. Be4 Qxa2
21. Rd2 Qe6 22. Rc5 g6 23. Re5 Qg4 24. h3 Qg3 25. Rxd7 Qxe3+ 26. Qf2 Qb6 27.
Qxb6 axb6 28. Bxc6 Ra1+ 29. Kh2 b4 30. Rb5 1-0

[Event "AUTO-ADV-2094"]
[Site "http://www.queenalice.com/game.php?id=910339"]
[Date "2011.3.8"]
[Round "1"]
[White "omermn"]
[Black "tatianamilu"]
[Result "1-0"]
[WhiteElo "2003"]
[BlackElo "1904"]

1. e4 e5 2. Nf3 Nc6 3. Bb5 d6 4. d4 exd4 5. Qxd4 Bd7 6. Bxc6 Bxc6 7. Nc3 Nf6 8.
Bg5 Be7 9. O-O-O h6 10. Bh4 O-O 11. e5 dxe5 12. Qxe5 Bd6 13. Qf5 Bd7 14. Qd3 Qc8
15. Bxf6 gxf6 16. Ne4 Bf5 17. Nxf6+ Kg7 18. Qd4 Qe6 19. Ne8+ Kg6 20. Qg7+ 1-0

[Event "AUTO-ADV-2094"]
[Site "http://www.queenalice.com/game.php?id=910340"]
[Date "2011.3.8"]
[Round "1"]
[White "tatianamilu"]
[Black "omermn"]
[Result "1/2-1/2"]
[WhiteElo "1922"]
[BlackElo "1996"]

1. d4 d5 2. c3 Nc6 3. Nf3 Nf6 4. e3 Bg4 5. Be2 e6 6. Nbd2 Bxf3 7. Nxf3 Bd6 8.
O-O O-O 9. h3 a6 10. Nh2 Ne4 11. Bd3 Nf6 12. Ng4 Qe7 13. Qf3 Nxg4 14. Qxg4 e5
15. e4 exd4 16. cxd4 dxe4 17. Qxe4 Qxe4 18. Bxe4 Nxd4 19. Bxb7 Ne2+ 20. Kh1 Rab8
21. Bxa6 Nxc1 22. Raxc1 Rxb2 23. Bc4 Bc5 24. Kg1 Rd8 25. Bxf7+ Kxf7 26. Rxc5 Rc8
27. a4 Ke7 28. Rc4 c5 29. Rfc1 Kd6 30. Rd1+ Kc6 31. Rdc1 Kd5 32. Rg4 c4 33. Kf1
c3 34. f3 Rd2 35. Rxg7 Kc4 36. Rxh7 c2 37. Re7 Kc3 38. a5 Rd1+ 39. Re1 Rxc1 40.
Rxc1 Ra8 41. Rxc2+ Kxc2 42. g4 Kd3 43. Kf2 Rh8 44. Kg3 Ke3 45. f4 Ke4 46. h4
1/2-1/2

[Event "AUTO-ADV-2207"]
[Site "http://www.queenalice.com/game.php?id=955870"]
[Date "2011.7.1"]
[Round "1"]
[White "omermn"]
[Black "salso"]
[Result "1-0"]
[WhiteElo "2001"]
[BlackElo "2082"]

1. e4 e5 2. Nf3 d6 3. d4 Nd7 4. Bc4 Be7 5. Nc3 c6 6. dxe5 dxe5 7. O-O Ngf6 8.
Bg5 Qc7 9. a3 Nc5 10. Bxf6 Bxf6 11. h3 Be6 12. Bxe6 fxe6 13. Qd2 a5 14. Rfd1 Ke7
15. b4 Rhd8 16. Qe3 Rxd1+ 17. Rxd1 axb4 18. Qxc5+ Kf7 19. axb4 b6 20. Qe3 Be7
21. Ng5+ Bxg5 22. Qxg5 Ra3 23. Qh5+ Kf6 24. Ne2 g6 25. Qh4+ Kg7 26. f4 Re3 27.
Nc1 exf4 28. Nd3 Rxe4 29. g3 e5 30. Rf1 h6 31. gxf4 exf4 32. Nxf4 Qe5 33. Qg4
Qg5 34. Qxg5 hxg5 35. Nd3 Kh6 36. Rf6 c5 37. b5 c4 38. Nb2 c3 39. Nd3 Re2 40.
Rxb6 Rxc2 41. Rc6 g4 42. hxg4 Kg5 43. b6 Rd2 44. Rxc3 Kxg4 45. b7 Rd1+ 46. Kf2
Rb1 47. Rc4+ Kf5 48. Rb4 1-0

[Event "AUTO-ADV-2207"]
[Site "http://www.queenalice.com/game.php?id=955886"]
[Date "2011.7.1"]
[Round "1"]
[White "roda"]
[Black "omermn"]
[Result "0-1"]
[WhiteElo "1797"]
[BlackElo "1993"]

1. e4 e5 2. Nf3 Nf6 3. Bc4 Nxe4 4. Qe2 d5 5. Nxe5 dxc4 6. Qxe4 Qe7 7. O-O Nc6 8.
f4 f6 9. Nc3 fxe5 10. fxe5 Qxe5 11. Qxc4 Qc5+ 12. Qxc5 Bxc5+ 13. Kh1 Be6 14. d3
a6 15. Bf4 O-O-O 16. Na4 Bd6 17. c4 Bxf4 18. Rxf4 Rxd3 19. Nc5 Re3 20. Nxe6 Rxe6
21. Raf1 Rhe8 22. h4 Re4 23. g3 h6 24. Rf7 g5 25. hxg5 hxg5 26. b3 Nb4 27. a3
Nc2 28. Kg1 Nxa3 29. Rg7 Re3 30. Kh2 Rxb3 31. Rff7 c6 32. c5 Nc4 33. Rxg5 Ne5
34. Rf2 Nf3+ 35. Rxf3 Rxf3 36. Rh5 a5 37. Rh4 Rc3 38. Ra4 Rxc5 39. g4 Re3 40.
Ra2 Rg5 41. Rg2 a4 42. Kg1 a3 43. Kf2 Rb3 44. Kg1 Rb2 0-1